|
|
|
|
| LEADER |
01804nam a2200253 a 4500 |
| 001 |
4224722 |
| 008 |
091109r19841983enka b 001 0 eng d |
| 010 |
|
|
|a 82022593
|
| 020 |
|
|
|a 0192613855 :
|c $34.50 (est.)
|
| 040 |
|
|
|a DLC
|c DLC
|d DLC
|
| 082 |
0 |
0 |
|a 338.4/73621/091724
|2 19
|
| 245 |
1 |
4 |
|a The Economics of health in developing countries /
|c edited by Kenneth Lee and Anne Mills.
|
| 260 |
|
|
|a Oxford ;
|a New York :
|b Oxford University Press,
|c 1983.[reprinted 1984]
|
| 300 |
|
|
|a xii, 245 p. :
|b ill. ;
|c 24 cm.
|
| 490 |
0 |
|
|a Oxford medical publications
|
| 504 |
|
|
|a Includes bibliographies and index.
|
| 541 |
1 |
|
|e 00004182
|
| 505 |
0 |
|
|a Developing countries, health and health economics / Kenneth Lee and Anne Mills -- Economic development, health services, and health / George Cumper --Health sector financing and expenditure surveys / Adrian Griffiths and Michael Mills -- Economic aspects of health insurance / Anne Mills -- Resources and costs in primary health care / Kenneth Lee -- Some health manpower policy issues / Geoffrey Ferster and Robert Tilden -- Economic appraisal in the health sector / Nicholas Prescott and Jeremy Warford -- The economic evaluation of immunization programmes / Andrew Creese -- Economics and nutrition planning / Gill Westcott -- Health sector planning and national development planning / Mark Wheeler -- The economics of health in developing countries : a critical review / Kenneth Lee and Anne Mills.
|
| 650 |
|
0 |
|a Medical economics
|z Developing countries.
|
| 700 |
1 |
|
|a Lee, Kenneth,
|d 1944-
|
| 700 |
1 |
|
|a Mills, Anne.
|
| 852 |
4 |
|
|a Ayesha Abed Library
|j General Shelf.
|
| 999 |
|
|
|c 5286
|d 5286
|
| 952 |
|
|
|0 0
|1 0
|2 ddc
|4 0
|6 338_473621091724000_ECO_1984
|7 0
|8 NFIC
|9 5135
|a BRACUL
|b BRACUL
|c GEN
|d 2009-11-09
|g 1344.00
|l 0
|o 338.473621091724 ECO
|p 3010004182
|r 2009-11-09
|t 1
|w 2009-11-09
|y BK
|